| 000 | 00883nam a22002657a 4500 | ||
|---|---|---|---|
| 005 | 20240530110412.0 | ||
| 008 | 150219s2010 ua g b 000 0 ara d | ||
| 017 |
_a19036/2009 _bمصر . دار الكتب المصرية |
||
| 020 | _a9771440101 | ||
| 040 | _aEG-CaGPL | ||
| 041 | 0 | _aara | |
| 082 | 0 | 4 |
_221 _a260\ _bح م |
| 100 | 0 | _aحامد طاهر | |
| 245 | 1 | 0 |
_aمعالم التصوف الاسلامى / _cتاليف حامد طاهر |
| 250 | _aط1 | ||
| 260 |
_aالقاهرة : _bنهضة مصر للطباعة والنشر والتوزيع ، _c2010 |
||
| 300 |
_a207 ص ؛ _c24 سم |
||
| 504 | _aببليوجرافية : ص 202 - 206 | ||
| 650 | 0 | 4 | _aالتصوف |
| 650 | 0 | 4 | _aالطرق الصوفية |
| 650 | 0 | 4 | _aالتصوف الفلسفى |
| 651 |
_2التصوف _xنظريات |
||
| 942 |
_2ddc _cBK |
||
| 999 |
_c60486 _d60486 |
||